000 00454nam a22001817a 4500
003 MPLRDC
005 20220104170656.0
008 210129b ||||| |||| 00| 0 eng d
020 _a983-2107-00-8
082 _a528.21 CHAN 1999
100 _aEDWARD CHAN
245 _aARE YOU MAN ENOUGH TO BE A FAHTER
_c
250 _a初版
260 _a
_bDISCERN
_c1999
300 _b
650 _a子女教育; 亲子教育
942 _cBK
_o528.21 CHAN 1999
999 _c58066
_d58056